| 000 | 00679cam a2200205 a 4500 | ||
|---|---|---|---|
| 003 | OSt | ||
| 005 | 20260427153029.0 | ||
| 008 | 981001s1997 ii a b 001 0 eng | ||
| 020 | _a8173040184 | ||
| 040 | _cHDL | ||
| 041 | _aeng | ||
| 082 | 0 | 0 | _a294.52113 N7 |
| 100 | 1 |
_aSontheimer, Günther-Dietz. _91232118 |
|
| 245 | 1 | 0 |
_aKing of hunters, warriors, and shepherds : _bessays on Khaṇḍobā / _cGünther-Dietz Sontheimer ; edited by Anne Feldhaus, Aditya Malik, Heidrun Brückner. |
| 260 |
_aNew Delhi : _bIndira Gandhi National Centre for the Arts : _bManohar, _c1997. |
||
| 300 | _a353 p. | ||
| 651 |
_2Hunter _aIndia |
||
| 942 |
_2CC _cTEXL _n0 |
||
| 999 |
_c1848578 _d1848578 |
||